Cities that are larger than their countries capital - Statistics

General Stats
  • This quiz has been taken 469 times
    411 since last reset
  • The average score is 21 of 37
Answer Stats
Capital Largest City Population % Correct
Ankara Istanbul 14.4 million
98%
Abu Dhabi Dubai 2.3 million
96%
Canberra Sydney 4.6 million
96%
New Delhi Mumbai 18.4 million
93%
Washington, D.C New York City 8.4 million
93%
Beijing Shanghai 23.2 million
92%
Ottawa Toronto 2.5 million
92%
Bern Zurich 400,000
92%
Abuja Lagos 7.9 million
89%
Brasilia Sao Paulo 11.2 million
89%
Islamabad Karachi 18 million
87%
Wellington Auckland 1.5 million
83%
Hanoi Ho Chi Minh City 7.1 million
81%
Pretoria Johannesburg 3.9 million
81%
Rabat Casablanca 4.2 million
80%
Sri Jaya(...) Colombo 640,000
73%
Damascus Aleppo 2.3 million
66%
Astana Almaty 1.5 million
66%
Belmopan Belize City 70,000
57%
Naypyidaw Yangon 4.3 million
56%
Yamoussoukro Abidjan 4.3 million
48%
Monaco-Ville Monte Carlo 16,000
46%
Quito Guayaquil 2.6 million
43%
Manila Quezon City 2.8 million
40%
Porto-Novo Cotonou 760,000
38%
Dodoma Dar es Salaam 2.5 million
37%
Yaounde Douala 2 million
34%
Sucre Santa Cruz de la Sierra 1.5 million
28%
Taipei New Taipei 3.9 million
18%
Vaduz Schaan 6,000
16%
Ngerulmud Koror 11,000
15%
Khartoum Omdurman 2.4 million
15%
Malabo Bata 250,000
13%
Valletta Birkirkara 21,000
13%
Palikir Weno 13,000
11%
San Marino Serravalle 11,000
9%
Port of Spain Chaguanas 67,000
7%
No matching quizzes found
Score Distribution
Percent of People with Each Score
Percentile by Number Answered
Your Score History
You have not taken this quiz since the last reset